000 00703nam a2200217 i 4500
001 57815
003 ES-MaACL
005 20250815104806.0
007 t|
008 031017s1980 sp ||||1| spa d
100 1 _aDubois, Claude-Gilbert.
_945763
245 1 3 _aEl manierismo /
_cClaude-Gilbert Dubois ; [traducción de Enrique Lynch].
250 _a[1ª ed.].
260 _a[Barcelona] :
_bPenínsula,
_c[1980]
300 _a235 p. :
_bil. ;
_c20 cm.
490 1 _aSerie universitaria. Historia, Ciencia, Sociedad
700 1 _aLynch, Enrique.
_974934
830 0 0 _aSerie universitaria.
_pHistoria, ciencia, sociedad
_9182628
852 _aES-MaACL
_jL-233
_bR.100882
999 _c57815
_d57815